000 00279nam a2200121Ia 4500
008 190216s9999||||xx |||||||||||||| ||und||
100 _aJulis Grand
245 0 _aHackh`S Chemical Dictionary
260 _bMcgraw -hill
_c1969
300 _a738p
650 _aChemistry
942 _cBK
999 _c2266
_d2266